Statistics for Daniel Craig Filmography

Click here to take the quiz!

General Stats

  • This quiz has been taken 125 times
    (37 since last reset)
  • The average score is 21 of 138

Answer Stats

TypeYearName% Correct
Film2006Casino Royale
94%
Film2021No Time to Die
91%
Podcast2021No Time to Die: The Official James Bond Podcast
91%
Film2012Skyfall
91%
Film2015Spectre
91%
Video Game2008007: Quantum of Solace
85%
Film2008Quantum of Solace
85%
Film2019Knives Out
82%
Film2022Glass Onion: A Knives Out Mystery
76%
Film2004Layer Cake
64%
Film2011The Girl with the Dragon Tattoo
42%
Film2011Cowboys & Aliens
39%
Film2008Defiance
39%
TV Show2012, 2020, 2021Saturday Night Live
39%
Film2005Munich
36%
Film2017Logan Lucky
33%
Film2001Lara Croft: Tomb Raider
30%
Film2002Road to Perdition
27%
Film2011The Adventures of Tintin
27%
Film2007The Golden Compass
27%
Film1999The Trench
27%
Film2011Dream House
21%
TV Mini-Series1996Our Friends in the North
21%
Film1998Elizabeth
18%
Video Game2010James Bond 007: Blood Stone
18%
Theater1993-1994, 2022Macbeth
18%
Film2015Star Wars: The Force Awakens
18%
Commercial2012-2021Heineken
15%
Film2007The Invasion
15%
Film2003The Mother
15%
Film1992The Power of One
15%
Film1995A Kid in King Arthur's Court
12%
TV Film2005Archangel
12%
Commercial2022Belvedere Vodka
12%
Theater2013-2014Betrayal
12%
TV Film2002Copenhagen
12%
Film2004Enduring Love
12%
Film2008Flashbacks of a Fool
12%
Video Game2010GoldenEye 007
12%
TV Show1993Heartbeat
12%
Film2008How to Lose Friends & Alienate People
12%
Theater1997Hurlyburly
12%
Film1997Obsession
12%
Theater2016-2017Othello
12%
Film2006Renaissance
12%
Commercial2008, 2009, 2012Sony
12%
TV Show1996Tales from the Crypt
12%
TV Show1993The Young Indiana Jones Chronicles
12%
TV Show1993Zorro
12%
Theater1993-1995Angels in America: A Gay Fantasia on National Themes
9%
TV Mini-Series1992Anglo Saxon Attitudes
9%
Theater2002A Number
9%
Theater2009A Steady Rain
9%
TV Show1993Between the Lines
9%
TV Show1992Boon
9%
Web Series2017Comrade Detective
9%
TV Show1992Covington Cross
9%
TV Show1993Drop the Dead Donkey
9%
Film2005Fateless
9%
Film2000Hotel Splendide
9%
Film2000I Dreamed of Africa
9%
Film2006Infamous
9%
Video Game2015James Bond: World of Espionage
9%
Film2017Kings
9%
TV Film1996Kiss and Tell
9%
FilmTBAKnives Out 3
9%
Film1998Love and Rage
9%
Film1998Love Is the Devil: Study for a Portrait of Francis Bacon
9%
Short Film2002Occasional, Strong
9%
Documentary2011One Life
9%
FilmTBAQueer
9%
Film1996Saint-Ex
9%
TV Show1993Screen Two
9%
TV Film1993Sharpe's Eagle
9%
TV Show1999Shockers
9%
Film2000Some Voices
9%
TV Film2001Sword of Honour
9%
Film2003Sylvia
9%
Film2002Ten Minutes Older
9%
TV Mini-Series1996The Fortunes and Misfortunes of Moll Flanders
9%
TV Show1997The Hunger
9%
TV Mini-Series1997The Ice House
9%
Film2005The Jacket
9%
Short Film2011The Organ Grinder's Monkey
9%
Theater1997The Rover
9%
Documentary2021Being James Bond: The Daniel Craig Story
6%
TV Special2015Comic Relief: Behind the Bond
6%
Film1993Genghis Cohn
6%
TV Special2012London 2012 Olympic Opening Ceremony: Isles of Wonder
6%
Commercial2018OMEGA
6%
Theater1994-1995Alice's Adventures Underground
3%
Theater1993-1994An Inspector Calls
3%
Theater1993-1994Arcadia
3%
Theater1993-1994Billy Liar
3%
Theater1994-1995Broken Glass
3%
Theater1993-1994Carousel
3%
Short Film2012Crack the Case
3%
Short Film2017Daniel Craig and Puppies Present: Your New Aston Martin
3%
Short Film2020Daniel Craig vs James Bond
3%
Theater1994-1995El Cid
3%
Theater1993-1994Furtive Nudist
3%
Theater1993-1994Inadmissible Evidence
3%
Theater1993-1994Jamais Vu
3%
Short Film2011James Bond Supports International Women's Day
3%
TV Short2021James Bond vs Nan
3%
Theater1994-1995Johnny on the Spot
3%
Theater1994-1995Landscape
3%
Theater1994-1995Leave Taking
3%
Theater1994-1995Les Parents Terribles
3%
Theater1993-1994Machinal
3%
Theater1993-1994Mother Courage and Her Children
3%
Theater1993-1994Mr. A's Amazing Maze Plays
3%
Theater1993-1994Murmuring Judges
3%
Theater1992No Remission
3%
Theater1993-1994On the Ledge
3%
Theater1994-1995Out of a House Walked a Man
3%
Theater1994-1995Pericles
3%
Theater1993-1994Pigspurt
3%
Theater1993-1995Racing Demon
3%
Theater1994-1995Rutherford & Son
3%
Theater1993-1994Springboard
3%
TV Special2014Superheroes Unite for BBC Children in Need
3%
Theater1993-1994Sweeney Todd
3%
Theater1994-1995Sweet Bird of Youth
3%
Theater1993-1994The Absence of War
3%
Theater1994-1995The Birthday Party
3%
Theater1994-1995The Children's Hour
3%
Theater1993-1994The Day After Tomorrow
3%
Theater1994-1995The Devil's Disciple
3%
Theater1993-1994The Game of Love and Chance
3%
Theater1993-1994The Madness of King George III
3%
Theater1993-1994The Mountain Giants
3%
Theater1994-1995The Seagull
3%
Theater1993-1995The Wind in the Willows
3%
Documentary2012Through Their Eyes
3%
Theater1993-1994Trelawny and the 'Wells'
3%
Theater1994-1995Two Weeks with the Queen
3%
Commercial2017Vodafone
3%

Score Distribution

Percentile by Number Answered

Percent of People with Each Score

Your Score History

You have not taken this quiz since the last reset